| 000 | 00425nam a2200157Ia 4500 | ||
|---|---|---|---|
| 005 | 20250423095107.0 | ||
| 008 | 250422s9999 xx 000 0 und d | ||
| 020 | _a978-978-8425-96-0 | ||
| 050 | _aGT 596 .D74/ | ||
| 245 | 0 | _aDress culture and national development | |
| 260 | _aAbuja | ||
| 260 | _bNatioanal Institute for Cultural Orientation (NICO) & Kraft Books Ltd | ||
| 260 | _c2011 | ||
| 300 | _a174 p | ||
| 942 | _cBK | ||
| 999 |
_c29221 _d29221 |
||